Catálogo público

Acidos grasos no esterificados, calcio e insulina en el preparto y sus relaciones con producción de leche de vacas holstein - friesian / (Record no. 170225)

MARC details
000 -CABECERA
campo de control de longitud fija 01333nam a2200373Ia 4500
001 - NÚMERO DE CONTROL
campo de control Z_6967
003 - IDENTIFICADOR DEL NÚMERO DE CONTROL
campo de control CHAP
005 - FECHA Y HORA DE LA ÚLTIMA TRANSACCIÓN
campo de control 20230424185232.0
008 - DATOS DE LONGITUD FIJA--INFORMACIÓN GENERAL
campo de control de longitud fija 220113s2016 xx 000 0 und d
010 ## - NÚMERO DE CONTROL DE LA BIBLIOTECA DEL CONGRESO
Número de control de LC 170225
040 ## - FUENTE DE LA CATALOGACIÓN
Centro/agencia transcriptor CHAP
090 ## - LOCALMENTE ASIGNADO TIPO-LC NÚMERO DE CLASIFICACIÓN (OCLC); NÚMERO DE CLASIFICACIÓN LOCAL (RLIN)
Número de clasificación (OCLC) (R) ; Numero de clasificación, CALL (RLIN) (NR) Tesis T56 2564
100 ## - ENTRADA PRINCIPAL--NOMBRE DE PERSONA
Nombre de persona Tinajero Pérez, Tomás
9 (RLIN) 126912
245 ## - MENCIÓN DE TÍTULO
Título Acidos grasos no esterificados, calcio e insulina en el preparto y sus relaciones con producción de leche de vacas holstein - friesian /
Mención de responsabilidad, etc. Tomás Tinajero Pérez
260 ## - PUBLICACIÓN, DISTRIBUCIÓN, ETC.
Lugar de publicación, distribución, etc. México :
Nombre del editor, distribuidor, etc. El autor,
Fecha de publicación, distribución, etc. 2016
300 ## - DESCRIPCIÓN FÍSICA
Extensión CD
502 ## - NOTA DE TESIS
Nota de tesis Tesis (Maestro en Ciencias en Innovación Ganadera) - UACh, 2016 \ Dirección: Rufino López Ordaz; asesoría: Agustín Ruiz Flores y Alejandro Lara Bueno
650 ## - PUNTO DE ACCESO ADICIONAL DE MATERIA--TÉRMINO DE MATERIA
Término de materia o nombre geográfico como elemento de entrada Acidos grasos no esterificados
9 (RLIN) 146432
650 ## - PUNTO DE ACCESO ADICIONAL DE MATERIA--TÉRMINO DE MATERIA
Término de materia o nombre geográfico como elemento de entrada Calcio
9 (RLIN) 17330
650 ## - PUNTO DE ACCESO ADICIONAL DE MATERIA--TÉRMINO DE MATERIA
Término de materia o nombre geográfico como elemento de entrada Ganado vacuno
9 (RLIN) 45425
650 ## - PUNTO DE ACCESO ADICIONAL DE MATERIA--TÉRMINO DE MATERIA
Término de materia o nombre geográfico como elemento de entrada Insulina
9 (RLIN) 145172
650 ## - PUNTO DE ACCESO ADICIONAL DE MATERIA--TÉRMINO DE MATERIA
Término de materia o nombre geográfico como elemento de entrada Postparto
9 (RLIN) 145233
650 ## - PUNTO DE ACCESO ADICIONAL DE MATERIA--TÉRMINO DE MATERIA
Término de materia o nombre geográfico como elemento de entrada Preparto
9 (RLIN) 145234
650 ## - PUNTO DE ACCESO ADICIONAL DE MATERIA--TÉRMINO DE MATERIA
Término de materia o nombre geográfico como elemento de entrada Raza holstein
Subdivisión general friesian
9 (RLIN) 145083
700 ## - PUNTO DE ACCESO ADICIONAL--NOMBRE DE PERSONA
Nombre de persona Lara Bueno, Alejandro, asesor
9 (RLIN) 145227
700 ## - PUNTO DE ACCESO ADICIONAL--NOMBRE DE PERSONA
Nombre de persona Ruiz Flores, Agustín, asesor
9 (RLIN) 142674
700 ## - PUNTO DE ACCESO ADICIONAL--NOMBRE DE PERSONA
Nombre de persona López Ordaz, Rufino, director
9 (RLIN) 144635
856 42 - LOCALIZACIÓN Y ACCESO ELECTRÓNICOS
Identificador Uniforme del Recurso <a href="http://10.13.5.2/tesis/sist112828.pdf">http://10.13.5.2/tesis/sist112828.pdf</a>
Texto de enlace Descargar PDF
901 ## - ELEMENTOS DE DATOS A LOCAL LDA (RLIN)
a TESIS T56 2564
902 ## - ELEMENTOS DE DATOS B LOCAL, LDB (RLIN)
a A
910 ## - DATOS DE OPCIÓN DEL USUARIO (OCLC)
Datos de opción del usuario 2016
942 ## - ELEMENTOS DE PUNTO DE ACCESO ADICIONAL (KOHA)
Tipo de ítem Koha Tesis_
Fuente del sistema de clasificación o colocación Dewey Decimal Classification
942 ## - ELEMENTOS DE PUNTO DE ACCESO ADICIONAL (KOHA)
Tipo de ítem Koha Tesis_
Fuente del sistema de clasificación o colocación Dewey Decimal Classification
Holdings
Estado de retiro Estado de pérdida Fuente del sistema de clasificación o colocación Estado dañado No para préstamo Código de colección Localización permanente Ubicación/localización actual Fecha de adquisición Fuente de adquisición Total de préstamos Signatura topográfica completa Código de barras Fecha visto por última vez Número de copia Precio válido a partir de Tipo de ítem Koha
    Clasificación Universidad Autónoma de Chapingo   Excluido de préstamo Tesis digitales de Maestría Zootecnia Zootecnia 20/06/2018 El autor   Tesis T56 2564 z_T 4822 18/01/2022 1 18/01/2022 CD
    Clasificación Universidad Autónoma de Chapingo   Excluido de préstamo Tesis digitales de Maestría Zootecnia Zootecnia 20/06/2018 El autor   Tesis T56 2564 z_T 4823 18/01/2022 2 18/01/2022 CD